00597nam a22002057a 4500003000500000005001700005008004100022010001000063011001000073035001000083040000900093082001600102100001300118245013200131260003600263300003100299650001200330650001300342650003600355CHAP20220329140340.0971013s1981 r 00010 d a50780 a51752 a55902 cCHAP a631.371bV600aVogt, F. aEnergy conservation and use of renewable energies in the bioíndustries; proceedings of the International Seminar on Energy... aOxford :bPergamon Press,c1981 a574 p.b: ilus. ; gráfs.14aBiogas.14aBiomasa.14aEnergía solar en agricultura.